On psychopathology : inhibitions, symptoms and anxiety and other works

Αποθηκεύτηκε σε:
Λεπτομέρειες βιβλιογραφικής εγγραφής
Κύριος συγγραφέας: Freud, Sigmund, 1856-1939
Άλλοι συγγραφείς: Strachey, James (Μεταφραστής), Richards, Angela (Επιμελητής έκδοσης)
Μορφή: Βιβλίο
Γλώσσα:English
Δημοσίευση: London : 1993
Σειρά:The Penguin Freud library ; ; 10
Θέματα:
Ετικέτες: Προσθήκη ετικέτας
Δεν υπάρχουν, Καταχωρήστε ετικέτα πρώτοι!

MARC

LEADER 00000nam a2200000 i 4500
001 1/2658
008 960220s1993 eng d
020 |a 0-14-013800-5 
035 |l 10014939 
040 |a GR-MY-UA  |b gre  |e aacr 
041 0 |a eng 
082 0 |a 150.1952 
100 1 |a Freud, Sigmund,   |d 1856-1939. 
245 1 0 |a On psychopathology :  |b inhibitions, symptoms and anxiety and other works /  |c Sigmund Freud ; translated from the german under the general editorship of James Strachey ; The present volume compiled and edited by Angela Richards 
260 |a London :   |c 1993 
300 |a 368 p. 
490 1 |a The Penguin Freud library  |v ; 10 
504 |a Includes bibliographical reference and index 
650 0 0 |a Psychology, Pathological. 
650 0 0 |a Inhibition. 
650 0 0 |a Symptoms. 
650 0 0 |a Neuroses. 
700 1 |a Strachey, James.  |4 trl 
700 1 |a Richards, Angela.  |4 edt 
830 0 |a The Penguin Freud library ;  |v ; 10 
852 |a INST  |b LESVOS  |e 19960220  |h 150.1952 FRE  |p 005100007213  |q 005100007213  |t BK  |y 0 
852 |a INST  |b LESVOS  |e 19970722  |h 150.1952 FRE  |p 005100010916  |q 005100010916  |t BK  |y 0 
909 |a Λ  |b 033853 
909 |a Λ  |b 013688